Statistics sources ; a subject guide to data on industrial, business, social, educational, financial, and other topics for the United States and internationally.

Bibliographic Details
Format: Serial
Language:English
Published: Detroit : Gale Research Co.
Subjects:
Online Availability: Check for online availability

MARC

Tag First Indicator Second Indicator Subfields
LEADER 00000cas a2200000 4500
001 in00000064712
005 20151008050708.0
008 750729c19629999miu x 0uuua0eng d
022 |a 0585-198X 
035 |a (OCoLC)01487829 
035 |9 AAG2688AM 
040 |a UDI  |c UDI  |d YUS  |d TXA  |d UtOrBLW 
049 |a TXAE [Latest] [ed: Ref] [Also in] [Med Sci] [Z] [7551] [S797]  
050 0 0 |a Z7551  |b .S84 
082 0 |a 016  |a 310  |b 016.31  |b 016.310  |b 016.311 
096 |a Z 7551 S797 
222 0 |a Statistics sources 
245 0 0 |a Statistics sources ;  |b a subject guide to data on industrial, business, social, educational, financial, and other topics for the United States and internationally. 
264 1 |a Detroit :  |b Gale Research Co. 
300 |c 29 cm. 
336 |a text  |b txt  |2 rdacontent 
337 |a unmediated  |b n  |2 rdamedia 
338 |a volume  |b nc  |2 rdacarrier 
362 0 |a 1st- ed.; 1962- 
500 |a Irregular. 
500 |a Subtitle varies. 
650 0 |a Statistics  |v Bibliography. 
650 0 |a Statistical services. 
650 2 |a Statistics  |v Bibliography. 
650 2 |a Statistics  |x directories. 
999 |a MARS 
999 f f |s 51e7a6b0-28a5-321c-9e14-694294b3cfeb  |i d87cf31d-43fe-3312-a136-6dc85f0f2e4a  |t 0 
952 f f |a Texas A&M University  |b Rellis Campus  |c Joint Library Facility  |d Remote Storage  |e Z7551 .S84  |h Library of Congress classification  |i unmediated -- volume  |k 28th ed.:v.1  |l 2005  |m A14831417863  |p ric  |s JLF  |t 0 
952 f f |a Texas A&M University  |b Rellis Campus  |c Joint Library Facility  |d Remote Storage  |e Z7551 .S84  |h Library of Congress classification  |i unmediated -- volume  |k 39th ed.:v.4  |l 2015  |m A14843019366  |p ric  |s JLF  |t 0 
952 f f |a Texas A&M University  |b Rellis Campus  |c Joint Library Facility  |d Remote Storage  |e Z7551 .S84  |h Library of Congress classification  |i unmediated -- volume  |k 2nd ed.  |l 1965  |m A14816161772  |p ric  |s JLF  |t 0 
952 f f |a Texas A&M University  |b Rellis Campus  |c Joint Library Facility  |d Remote Storage  |e Z7551 .S84  |h Library of Congress classification  |i unmediated -- volume  |k 3rd ed.  |l 1971  |m A14816161780  |p ric  |s JLF  |t 0 
952 f f |a Texas A&M University  |b College Station  |c Business Library & Collaboration Commons  |d West Campus Library: Reference (Does not check out)  |e Z7551 .S84  |h Library of Congress classification  |i unmediated -- volume  |k 35th ed.:v.1  |l 2011  |m A14841197601  |p 4_hour  |s blcc ref  |t 0 
952 f f |a Texas A&M University  |b Rellis Campus  |c Joint Library Facility  |d Remote Storage  |e Z7551 .S84  |h Library of Congress classification  |i unmediated -- volume  |k 17th ed.:v.1:A-I  |l 1994  |m A14816577088  |p ric  |s JLF  |t 0 
952 f f |a Texas A&M University  |b Rellis Campus  |c Joint Library Facility  |d Remote Storage  |e Z7551 .S84  |h Library of Congress classification  |i unmediated -- volume  |k 20th ed.:v.1  |l 1997  |m A14819812233  |p ric  |s JLF  |t 0 
952 f f |a Texas A&M University  |b Rellis Campus  |c Joint Library Facility  |d Remote Storage  |e Z7551 .S84  |h Library of Congress classification  |i unmediated -- volume  |k 29th ed.:v.2  |l 2006  |m A14831450667  |p ric  |s JLF  |t 0 
952 f f |a Texas A&M University  |b Rellis Campus  |c Joint Library Facility  |d Remote Storage  |e Z7551 .S84  |h Library of Congress classification  |i unmediated -- volume  |k 48th ed.:v.1  |l 2024  |m A14852068049  |p ric  |s JLF  |t 0 
952 f f |a Texas A&M University  |b Rellis Campus  |c Joint Library Facility  |d Remote Storage  |e Z7551 .S84  |h Library of Congress classification  |i unmediated -- volume  |k 41st ed.:v.2  |l 2017  |m A14850060923  |p ric  |s JLF  |t 0 
952 f f |a Texas A&M University  |b Rellis Campus  |c Joint Library Facility  |d Remote Storage  |e Z7551 .S84  |h Library of Congress classification  |i unmediated -- volume  |k 42nd ed.:v.2  |l 2018  |m A14850441040  |p ric  |s JLF  |t 0 
952 f f |a Texas A&M University  |b Rellis Campus  |c Joint Library Facility  |d Remote Storage  |e Z7551 .S84  |h Library of Congress classification  |i unmediated -- volume  |k 20th ed.:v.2  |l 1997  |m A14819812225  |p ric  |s JLF  |t 0 
952 f f |a Texas A&M University  |b Rellis Campus  |c Joint Library Facility  |d Remote Storage  |e Z7551 .S84  |h Library of Congress classification  |i unmediated -- volume  |k 36th ed.:v.1  |l 2012  |m A14841353702  |p ric  |s JLF  |t 0 
952 f f |a Texas A&M University  |b Rellis Campus  |c Joint Library Facility  |d Remote Storage  |e Z7551 .S84  |h Library of Congress classification  |i unmediated -- volume  |k 40th ed.:v.4  |l 2016  |m A14842277775  |p ric  |s JLF  |t 0 
952 f f |a Texas A&M University  |b College Station  |c Sterling C. Evans Library  |d Evans: Library Stacks  |e Z7551 .S84  |h Library of Congress classification  |i unmediated -- volume  |k 50th ed.:v.2  |l 2026  |m A14852401083  |p normal  |s Evans stk  |t 0 
952 f f |a Texas A&M University  |b Rellis Campus  |c Joint Library Facility  |d Remote Storage  |e Z7551 .S84  |h Library of Congress classification  |i unmediated -- volume  |k 42nd ed.:v.4  |l 2018  |m A14850441065  |p ric  |s JLF  |t 0 
952 f f |a Texas A&M University  |b Rellis Campus  |c Joint Library Facility  |d Remote Storage  |e Z7551 .S84  |h Library of Congress classification  |i unmediated -- volume  |k 32nd ed.:v.1  |l 2009  |m A14837462329  |p ric  |s JLF  |t 0 
952 f f |a Texas A&M University  |b Rellis Campus  |c Joint Library Facility  |d Remote Storage  |e Z7551 .S84  |h Library of Congress classification  |i unmediated -- volume  |k 12th ed.:v.2  |l 1989  |m A14811101858  |p ric  |s JLF  |t 0 
952 f f |a Texas A&M University  |b Rellis Campus  |c Joint Library Facility  |d Remote Storage  |e Z7551 .S84  |h Library of Congress classification  |i unmediated -- volume  |k 33rd ed.:v.2  |l 2009  |m A14837482997  |p ric  |s JLF  |t 0 
952 f f |a Texas A&M University  |b Rellis Campus  |c Joint Library Facility  |d Remote Storage  |e Z7551 .S84  |h Library of Congress classification  |i unmediated -- volume  |k 24th ed.:v.2  |l 2001  |m A14826056115  |p ric  |s JLF  |t 0 
952 f f |a Texas A&M University  |b Rellis Campus  |c Joint Library Facility  |d Remote Storage  |e Z7551 .S84  |h Library of Congress classification  |i unmediated -- volume  |k 45th ed.:v.1  |l 2021  |m A14851165812  |p ric  |s JLF  |t 0 
952 f f |a Texas A&M University  |b Rellis Campus  |c Joint Library Facility  |d Remote Storage  |e Z7551 .S84  |h Library of Congress classification  |i unmediated -- volume  |k 7th ed.  |l 1982  |m A14807565472  |p ric  |s JLF  |t 0 
952 f f |a Texas A&M University  |b Rellis Campus  |c Joint Library Facility  |d Remote Storage  |e Z7551 .S84  |h Library of Congress classification  |i unmediated -- volume  |k 28th ed.:v.2  |l 2005  |m A14831417902  |p ric  |s JLF  |t 0 
952 f f |a Texas A&M University  |b Rellis Campus  |c Joint Library Facility  |d Remote Storage  |e Z7551 .S84  |h Library of Congress classification  |i unmediated -- volume  |k 30th ed.:v.1  |l 2007  |m A14833997348  |p ric  |s JLF  |t 0 
952 f f |a Texas A&M University  |b Rellis Campus  |c Joint Library Facility  |d Remote Storage  |e Z7551 .S84  |h Library of Congress classification  |i unmediated -- volume  |k 16th ed.:v.2:J-Z  |l 1993  |m A14816183813  |p ric  |s JLF  |t 0 
952 f f |a Texas A&M University  |b Rellis Campus  |c Joint Library Facility  |d Remote Storage  |e Z7551 .S84  |h Library of Congress classification  |i unmediated -- volume  |k 27th ed.:v.1  |l 2004  |m A14830327992  |p ric  |s JLF  |t 0 
952 f f |a Texas A&M University  |b Rellis Campus  |c Joint Library Facility  |d Remote Storage  |e Z7551 .S84  |h Library of Congress classification  |i unmediated -- volume  |k 46th ed.:v.3  |l 2022  |m A14851263070  |p ric  |s JLF  |t 0 
952 f f |a Texas A&M University  |b Rellis Campus  |c Joint Library Facility  |d Remote Storage  |e Z7551 .S84  |h Library of Congress classification  |i unmediated -- volume  |k 41st ed.:v.1  |l 2017  |m A14850060915  |p ric  |s JLF  |t 0 
952 f f |a Texas A&M University  |b Rellis Campus  |c Joint Library Facility  |d Remote Storage  |e Z7551 .S84  |h Library of Congress classification  |i unmediated -- volume  |k 22nd ed.:v.1  |l 1999  |m A14823454063  |p ric  |s JLF  |t 0 
952 f f |a Texas A&M University  |b Rellis Campus  |c Joint Library Facility  |d Remote Storage  |e Z7551 .S84  |h Library of Congress classification  |i unmediated -- volume  |k 19th ed.:v.2:J-Z  |l 1996  |m A14819023892  |p ric  |s JLF  |t 0 
952 f f |a Texas A&M University  |b Rellis Campus  |c Joint Library Facility  |d Remote Storage  |e Z7551 .S84  |h Library of Congress classification  |i unmediated -- volume  |k 15th ed.:v.2:J-Z  |l 1992  |m A14814717072  |p ric  |s JLF  |t 0 
952 f f |a Texas A&M University  |b Rellis Campus  |c Joint Library Facility  |d Remote Storage  |e Z7551 .S84  |h Library of Congress classification  |i unmediated -- volume  |k 18th ed.:v.2:J-Z  |l 1995  |m A14818038802  |p ric  |s JLF  |t 0 
952 f f |a Texas A&M University  |b Rellis Campus  |c Joint Library Facility  |d Remote Storage  |e Z7551 .S84  |h Library of Congress classification  |i unmediated -- volume  |k 25th ed.:v.1  |l 2002  |m A14827219350  |p ric  |s JLF  |t 0 
952 f f |a Texas A&M University  |b Rellis Campus  |c Joint Library Facility  |d Remote Storage  |e Z7551 .S84  |h Library of Congress classification  |i unmediated -- volume  |k 44th ed.:v.3  |l 2020  |m A14850969446  |p ric  |s JLF  |t 0 
952 f f |a Texas A&M University  |b Rellis Campus  |c Joint Library Facility  |d Remote Storage  |e Z7551 .S84  |h Library of Congress classification  |i unmediated -- volume  |k 5th ed.  |l 1977  |m A14816161829  |p ric  |s JLF  |t 0 
952 f f |a Texas A&M University  |b Rellis Campus  |c Joint Library Facility  |d Remote Storage  |e Z7551 .S84  |h Library of Congress classification  |i unmediated -- volume  |k 12th ed.:v.1  |l 1989  |m A14811101840  |p ric  |s JLF  |t 0 
952 f f |a Texas A&M University  |b Rellis Campus  |c Joint Library Facility  |d Remote Storage  |e Z7551 .S84  |h Library of Congress classification  |i unmediated -- volume  |k 21st ed.:v.1  |l 1998  |m A14821191708  |p ric  |s JLF  |t 0 
952 f f |a Texas A&M University  |b College Station  |c Business Library & Collaboration Commons  |d West Campus Library: Reference (Does not check out)  |e Z7551 .S84  |h Library of Congress classification  |i unmediated -- volume  |k 35th ed.:v.2  |l 2011  |m A14841197499  |p 4_hour  |s blcc ref  |t 0 
952 f f |a Texas A&M University  |b Rellis Campus  |c Joint Library Facility  |d Remote Storage  |e Z7551 .S84  |h Library of Congress classification  |i unmediated -- volume  |k 33rd ed.:v.1  |l 2009  |m A14837482955  |p ric  |s JLF  |t 0 
952 f f |a Texas A&M University  |b Rellis Campus  |c Joint Library Facility  |d Remote Storage  |e Z7551 .S84  |h Library of Congress classification  |i unmediated -- volume  |k 35th ed.:v.4  |l 2011  |m A14839502719  |p ric  |s JLF  |t 0 
952 f f |a Texas A&M University  |b Rellis Campus  |c Joint Library Facility  |d Remote Storage  |e Z7551 .S84  |h Library of Congress classification  |i unmediated -- volume  |k 27th ed.:v.2  |l 2004  |m A14830328037  |p ric  |s JLF  |t 0 
952 f f |a Texas A&M University  |b Rellis Campus  |c Joint Library Facility  |d Remote Storage  |e Z7551 .S84  |h Library of Congress classification  |i unmediated -- volume  |k 36th ed.:v.4  |l 2012  |m A14841353736  |p ric  |s JLF  |t 0 
952 f f |a Texas A&M University  |b Rellis Campus  |c Joint Library Facility  |d Remote Storage  |e Z7551 .S84  |h Library of Congress classification  |i unmediated -- volume  |k 41st ed.:v.4  |l 2017  |m A14850060949  |p ric  |s JLF  |t 0 
952 f f |a Texas A&M University  |b Rellis Campus  |c Joint Library Facility  |d Remote Storage  |e Z7551 .S84  |h Library of Congress classification  |i unmediated -- volume  |k 43rd ed.:v.2  |l 2019  |m A14850889479  |p ric  |s JLF  |t 0 
952 f f |a Texas A&M University  |b Rellis Campus  |c Joint Library Facility  |d Remote Storage  |e Z7551 .S84  |h Library of Congress classification  |i unmediated -- volume  |k 40th ed.:v.1  |l 2016  |m A14842277742  |p ric  |s JLF  |t 0 
952 f f |a Texas A&M University  |b Rellis Campus  |c Joint Library Facility  |d Remote Storage  |e Z7551 .S84  |h Library of Congress classification  |i unmediated -- volume  |k 9th ed.:v.1  |l 1984  |m A14808781241  |p ric  |s JLF  |t 0 
952 f f |a Texas A&M University  |b College Station  |c Sterling C. Evans Library  |d Evans: Library Stacks  |e Z7551 .S84  |h Library of Congress classification  |i unmediated -- volume  |k 50th ed.:v.1  |l 2026  |m A14852401075  |p normal  |s Evans stk  |t 0 
952 f f |a Texas A&M University  |b Rellis Campus  |c Joint Library Facility  |d Remote Storage  |e Z7551 .S84  |h Library of Congress classification  |i unmediated -- volume  |k 47th ed.:v.4  |l 2023  |m A14851811985  |p ric  |s JLF  |t 0 
952 f f |a Texas A&M University  |b Rellis Campus  |c Joint Library Facility  |d Remote Storage  |e Z7551 .S84  |h Library of Congress classification  |i unmediated -- volume  |k 25th ed.:v.2  |l 2002  |m A14827219392  |p ric  |s JLF  |t 0 
952 f f |a Texas A&M University  |b Rellis Campus  |c Joint Library Facility  |d Remote Storage  |e Z7551 .S84  |h Library of Congress classification  |i unmediated -- volume  |k 26th ed.:v.2  |l 2003  |m A14828634066  |p ric  |s JLF  |t 0 
952 f f |a Texas A&M University  |b Rellis Campus  |c Joint Library Facility  |d Remote Storage  |e Z7551 .S84  |h Library of Congress classification  |i unmediated -- volume  |k 45th ed.:v.3  |l 2021  |m A14851165838  |p ric  |s JLF  |t 0 
952 f f |a Texas A&M University  |b Rellis Campus  |c Joint Library Facility  |d Remote Storage  |e Z7551 .S84  |h Library of Congress classification  |i unmediated -- volume  |k 46th ed.:v.4  |l 2022  |m A14851263088  |p ric  |s JLF  |t 0 
952 f f |a Texas A&M University  |b Rellis Campus  |c Joint Library Facility  |d Remote Storage  |e Z7551 .S84  |h Library of Congress classification  |i unmediated -- volume  |k 43rd ed.:v.4  |l 2019  |m A14850889495  |p ric  |s JLF  |t 0 
952 f f |a Texas A&M University  |b Rellis Campus  |c Joint Library Facility  |d Remote Storage  |e Z7551 .S84  |h Library of Congress classification  |i unmediated -- volume  |k 37th ed.:v.3  |l 2013  |m A14841665060  |p ric  |s JLF  |t 0 
952 f f |a Texas A&M University  |b Rellis Campus  |c Joint Library Facility  |d Remote Storage  |e Z7551 .S84  |h Library of Congress classification  |i unmediated -- volume  |k 44th ed.:v.1  |l 2020  |m A14850969420  |p ric  |s JLF  |t 0 
952 f f |a Texas A&M University  |b Rellis Campus  |c Joint Library Facility  |d Remote Storage  |e Z7551 .S84  |h Library of Congress classification  |i unmediated -- volume  |k 44th ed.:v.4  |l 2020  |m A14850969453  |p ric  |s JLF  |t 0 
952 f f |a Texas A&M University  |b Rellis Campus  |c Joint Library Facility  |d Remote Storage  |e Z7551 .S84  |h Library of Congress classification  |i unmediated -- volume  |k 34th ed.:v.3  |l 2010  |m A14839129040  |p ric  |s JLF  |t 0 
952 f f |a Texas A&M University  |b Rellis Campus  |c Joint Library Facility  |d Remote Storage  |e Z7551 .S84  |h Library of Congress classification  |i unmediated -- volume  |k 35th ed.:v.3  |l 2011  |m A14839502701  |p ric  |s JLF  |t 0 
952 f f |a Texas A&M University  |b Rellis Campus  |c Joint Library Facility  |d Remote Storage  |e Z7551 .S84  |h Library of Congress classification  |i unmediated -- volume  |k 45th ed.:v.2  |l 2021  |m A14851165820  |p ric  |s JLF  |t 0 
952 f f |a Texas A&M University  |b Rellis Campus  |c Joint Library Facility  |d Remote Storage  |e Z7551 .S84  |h Library of Congress classification  |i unmediated -- volume  |k 37th ed.:v.1  |l 2013  |m A14841665044  |p ric  |s JLF  |t 0 
952 f f |a Texas A&M University  |b Rellis Campus  |c Joint Library Facility  |d Remote Storage  |e Z7551 .S84  |h Library of Congress classification  |i unmediated -- volume  |k 13th ed.:v.2  |l 1990  |m A14811281844  |p ric  |s JLF  |t 0 
952 f f |a Texas A&M University  |b Rellis Campus  |c Joint Library Facility  |d Remote Storage  |e Z7551 .S84  |h Library of Congress classification  |i unmediated -- volume  |k 22nd ed.:v.2  |l 1999  |m A14823453106  |p ric  |s JLF  |t 0 
952 f f |a Texas A&M University  |b Rellis Campus  |c Joint Library Facility  |d Remote Storage  |e Z7551 .S84  |h Library of Congress classification  |i unmediated -- volume  |k 13th ed.:v.1  |l 1990  |m A14811281797  |p ric  |s JLF  |t 0 
952 f f |a Texas A&M University  |b Rellis Campus  |c Joint Library Facility  |d Remote Storage  |e Z7551 .S84  |h Library of Congress classification  |i unmediated -- volume  |k 30th ed.:v.2  |l 2007  |m A14833996732  |p ric  |s JLF  |t 0 
952 f f |a Texas A&M University  |b Rellis Campus  |c Joint Library Facility  |d Remote Storage  |e Z7551 .S84  |h Library of Congress classification  |i unmediated -- volume  |k 10th ed.:v.2  |l 1986  |m A14809267737  |p ric  |s JLF  |t 0 
952 f f |a Texas A&M University  |b Rellis Campus  |c Joint Library Facility  |d Remote Storage  |e Z7551 .S84  |h Library of Congress classification  |i unmediated -- volume  |k 41st ed.:v.3  |l 2017  |m A14850060931  |p ric  |s JLF  |t 0 
952 f f |a Texas A&M University  |b Rellis Campus  |c Joint Library Facility  |d Remote Storage  |e Z7551 .S84  |h Library of Congress classification  |i unmediated -- volume  |k 10th ed.:v.1  |l 1986  |m A14809267680  |p ric  |s JLF  |t 0 
952 f f |a Texas A&M University  |b Rellis Campus  |c Joint Library Facility  |d Remote Storage  |e Z7551 .S84  |h Library of Congress classification  |i unmediated -- volume  |k 15th ed.:v.1:A-I  |l 1992  |m A14814717022  |p ric  |s JLF  |t 0 
952 f f |a Texas A&M University  |b Rellis Campus  |c Joint Library Facility  |d Remote Storage  |e Z7551 .S84  |h Library of Congress classification  |i unmediated -- volume  |k 11th ed.:v.1  |l 1988  |m A14810133690  |p ric  |s JLF  |t 0 
952 f f |a Texas A&M University  |b Rellis Campus  |c Joint Library Facility  |d Remote Storage  |e Z7551 .S84  |h Library of Congress classification  |i unmediated -- volume  |k 46th ed.:v.1  |l 2022  |m A14851263054  |p ric  |s JLF  |t 0 
952 f f |a Texas A&M University  |b Rellis Campus  |c Joint Library Facility  |d Remote Storage  |e Z7551 .S84  |h Library of Congress classification  |i unmediated -- volume  |k 45th ed.:v.4  |l 2021  |m A14851165846  |p ric  |s JLF  |t 0 
952 f f |a Texas A&M University  |b Rellis Campus  |c Joint Library Facility  |d Remote Storage  |e Z7551 .S84  |h Library of Congress classification  |i unmediated -- volume  |k 26th ed.:v.1  |l 2003  |m A14828634024  |p ric  |s JLF  |t 0 
952 f f |a Texas A&M University  |b Rellis Campus  |c Joint Library Facility  |d Remote Storage  |e Z7551 .S84  |h Library of Congress classification  |i unmediated -- volume  |k 34th ed.:v.2  |l 2010  |m A14839129032  |p ric  |s JLF  |t 0 
952 f f |a Texas A&M University  |b Rellis Campus  |c Joint Library Facility  |d Remote Storage  |e Z7551 .S84  |h Library of Congress classification  |i unmediated -- volume  |k 47th ed.:v.2  |l 2023  |m A14851811951  |p ric  |s JLF  |t 0 
952 f f |a Texas A&M University  |b Rellis Campus  |c Joint Library Facility  |d Remote Storage  |e Z7551 .S84  |h Library of Congress classification  |i unmediated -- volume  |k 38th ed.:v.3  |l 2014  |m A14842274053  |p ric  |s JLF  |t 0 
952 f f |a Texas A&M University  |b Rellis Campus  |c Joint Library Facility  |d Remote Storage  |e Z7551 .S84  |h Library of Congress classification  |i unmediated -- volume  |k 39th ed.:v.3  |l 2015  |m A14843019242  |p ric  |s JLF  |t 0 
952 f f |a Texas A&M University  |b Rellis Campus  |c Joint Library Facility  |d Remote Storage  |e Z7551 .S84  |h Library of Congress classification  |i unmediated -- volume  |k 43rd ed.:v.1  |l 2019  |m A14850889461  |p ric  |s JLF  |t 0 
952 f f |a Texas A&M University  |b Rellis Campus  |c Joint Library Facility  |d Remote Storage  |e Z7551 .S84  |h Library of Congress classification  |i unmediated -- volume  |k 44th ed.:v.2  |l 2020  |m A14850969438  |p ric  |s JLF  |t 0 
952 f f |a Texas A&M University  |b Rellis Campus  |c Joint Library Facility  |d Remote Storage  |e Z7551 .S84  |h Library of Congress classification  |i unmediated -- volume  |k 14th ed.:v.2  |l 1991  |m A14812283352  |p ric  |s JLF  |t 0 
952 f f |a Texas A&M University  |b College Station  |c Sterling C. Evans Library  |d Evans: Library Stacks  |e Z7551 .S84  |h Library of Congress classification  |i unmediated -- volume  |k 49th ed.:v.3  |l 2025  |m A14852219915  |p normal  |s Evans stk  |t 0 
952 f f |a Texas A&M University  |b Rellis Campus  |c Joint Library Facility  |d Remote Storage  |e Z7551 .S84  |h Library of Congress classification  |i unmediated -- volume  |k 36th ed.:v.3  |l 2012  |m A14841353728  |p ric  |s JLF  |t 0 
952 f f |a Texas A&M University  |b College Station  |c Sterling C. Evans Library  |d Evans: Library Stacks  |e Z7551 .S84  |h Library of Congress classification  |i unmediated -- volume  |k 49th ed.:v.4  |l 2025  |m A14852219907  |p normal  |s Evans stk  |t 0 
952 f f |a Texas A&M University  |b College Station  |c Sterling C. Evans Library  |d Evans: Library Stacks  |e Z7551 .S84  |h Library of Congress classification  |i unmediated -- volume  |k 49th ed.:v.2  |l 2025  |m A14852219923  |p normal  |s Evans stk  |t 0 
952 f f |a Texas A&M University  |b Rellis Campus  |c Joint Library Facility  |d Remote Storage  |e Z7551 .S84  |h Library of Congress classification  |i unmediated -- volume  |k 36th ed.:v.2  |l 2012  |m A14841353710  |p ric  |s JLF  |t 0 
952 f f |a Texas A&M University  |b Rellis Campus  |c Joint Library Facility  |d Remote Storage  |e Z7551 .S84  |h Library of Congress classification  |i unmediated -- volume  |k 46th ed.:v.2  |l 2022  |m A14851263062  |p ric  |s JLF  |t 0 
952 f f |a Texas A&M University  |b Rellis Campus  |c Joint Library Facility  |d Remote Storage  |e Z7551 .S84  |h Library of Congress classification  |i unmediated -- volume  |k 18th ed.:v.1:A-I  |l 1995  |m A14818038755  |p ric  |s JLF  |t 0 
952 f f |a Texas A&M University  |b Rellis Campus  |c Joint Library Facility  |d Remote Storage  |e Z7551 .S84  |h Library of Congress classification  |i unmediated -- volume  |k 37th ed.:v.2  |l 2013  |m A14841665052  |p ric  |s JLF  |t 0 
952 f f |a Texas A&M University  |b Rellis Campus  |c Joint Library Facility  |d Remote Storage  |e Z7551 .S84  |h Library of Congress classification  |i unmediated -- volume  |k 40th ed.:v.2  |l 2016  |m A14842277759  |p ric  |s JLF  |t 0 
952 f f |a Texas A&M University  |b Rellis Campus  |c Joint Library Facility  |d Remote Storage  |e Z7551 .S84  |h Library of Congress classification  |i unmediated -- volume  |k 47th ed.:v.1  |l 2023  |m A14851811944  |p ric  |s JLF  |t 0 
952 f f |a Texas A&M University  |b Rellis Campus  |c Joint Library Facility  |d Remote Storage  |e Z7551 .S84  |h Library of Congress classification  |i unmediated -- volume  |k 31st ed.:v.1  |l 2008  |m A14834022934  |p ric  |s JLF  |t 0 
952 f f |a Texas A&M University  |b College Station  |c Business Library & Collaboration Commons  |d West Campus Library: Reference (Does not check out)  |e Z7551 .S84  |h Library of Congress classification  |i unmediated -- volume  |k 35th ed.:v.4  |l 2011  |m A14841197596  |p 4_hour  |s blcc ref  |t 0 
952 f f |a Texas A&M University  |b Rellis Campus  |c Joint Library Facility  |d Remote Storage  |e Z7551 .S84  |h Library of Congress classification  |i unmediated -- volume  |k 39th ed.:v.1  |l 2015  |m A14843019358  |p ric  |s JLF  |t 0 
952 f f |a Texas A&M University  |b Rellis Campus  |c Joint Library Facility  |d Remote Storage  |e Z7551 .S84  |h Library of Congress classification  |i unmediated -- volume  |k 37th ed.:v.4  |l 2013  |m A14841665078  |p ric  |s JLF  |t 0 
952 f f |a Texas A&M University  |b Rellis Campus  |c Joint Library Facility  |d Remote Storage  |e Z7551 .S84  |h Library of Congress classification  |i unmediated -- volume  |k 39th ed.:v.2  |l 2015  |m A14843019127  |p ric  |s JLF  |t 0 
952 f f |a Texas A&M University  |b Rellis Campus  |c Joint Library Facility  |d Remote Storage  |e Z7551 .S84  |h Library of Congress classification  |i unmediated -- volume  |k 8th:v.2  |l 1983  |m A14808859719  |p ric  |s JLF  |t 0 
952 f f |a Texas A&M University  |b College Station  |c Business Library & Collaboration Commons  |d West Campus Library: Reference (Does not check out)  |e Z7551 .S84  |h Library of Congress classification  |i unmediated -- volume  |k 35th ed.:v.3  |l 2011  |m A14841197546  |p 4_hour  |s blcc ref  |t 0 
952 f f |a Texas A&M University  |b Rellis Campus  |c Joint Library Facility  |d Remote Storage  |e Z7551 .S84  |h Library of Congress classification  |i unmediated -- volume  |k 48th ed.:v.3  |l 2024  |m A14852068064  |p ric  |s JLF  |t 0 
952 f f |a Texas A&M University  |b Rellis Campus  |c Joint Library Facility  |d Remote Storage  |e Z7551 .S84  |h Library of Congress classification  |i unmediated -- volume  |k 40th ed.:v.3  |l 2016  |m A14842277767  |p ric  |s JLF  |t 0 
952 f f |a Texas A&M University  |b Rellis Campus  |c Joint Library Facility  |d Remote Storage  |e Z7551 .S84  |h Library of Congress classification  |i unmediated -- volume  |k 32nd ed.:v.2  |l 2009  |m A14837462361  |p ric  |s JLF  |t 0 
952 f f |a Texas A&M University  |b Rellis Campus  |c Joint Library Facility  |d Remote Storage  |e Z7551 .S84  |h Library of Congress classification  |i unmediated -- volume  |k 42nd ed.:v.3  |l 2018  |m A14850441057  |p ric  |s JLF  |t 0 
952 f f |a Texas A&M University  |b Rellis Campus  |c Joint Library Facility  |d Remote Storage  |e Z7551 .S84  |h Library of Congress classification  |i unmediated -- volume  |k 9th ed.:v.2  |l 1984  |m A14808781233  |p ric  |s JLF  |t 0 
952 f f |a Texas A&M University  |b Rellis Campus  |c Joint Library Facility  |d Remote Storage  |e Z7551 .S84  |h Library of Congress classification  |i unmediated -- volume  |k 24th ed.:v.1  |l 2001  |m A14826056076  |p ric  |s JLF  |t 0 
952 f f |a Texas A&M University  |b Rellis Campus  |c Joint Library Facility  |d Remote Storage  |e Z7551 .S84  |h Library of Congress classification  |i unmediated -- volume  |k 33rd ed.:v.3  |l 2009  |m A14837483032  |p ric  |s JLF  |t 0 
952 f f |a Texas A&M University  |b Rellis Campus  |c Joint Library Facility  |d Remote Storage  |e Z7551 .S84  |h Library of Congress classification  |i unmediated -- volume  |k 47th ed.:v.3  |l 2023  |m A14851811977  |p ric  |s JLF  |t 0 
952 f f |a Texas A&M University  |b Rellis Campus  |c Joint Library Facility  |d Remote Storage  |e Z7551 .S84  |h Library of Congress classification  |i unmediated -- volume  |k 35th ed.:v.2  |l 2011  |m A14839502696  |p ric  |s JLF  |t 0 
952 f f |a Texas A&M University  |b Rellis Campus  |c Joint Library Facility  |d Remote Storage  |e Z7551 .S84  |h Library of Congress classification  |i unmediated -- volume  |k 35th ed.:v.1  |l 2011  |m A14839502670  |p ric  |s JLF  |t 0 
952 f f |a Texas A&M University  |b Rellis Campus  |c Joint Library Facility  |d Remote Storage  |e Z7551 .S84  |h Library of Congress classification  |i unmediated -- volume  |k 42nd ed.:v.1  |l 2018  |m A14850441032  |p ric  |s JLF  |t 0 
952 f f |a Texas A&M University  |b Rellis Campus  |c Joint Library Facility  |d Remote Storage  |e Z7551 .S84  |h Library of Congress classification  |i unmediated -- volume  |k 23rd ed.:v.2  |l 2000  |m A14827648363  |p ric  |s JLF  |t 0 
952 f f |a Texas A&M University  |b Rellis Campus  |c Joint Library Facility  |d Remote Storage  |e Z7551 .S84  |h Library of Congress classification  |i unmediated -- volume  |k 21st ed.:v.2  |l 1998  |m A14821191758  |p ric  |s JLF  |t 0 
952 f f |a Texas A&M University  |b College Station  |c Sterling C. Evans Library  |d Evans: Library Stacks  |e Z7551 .S84  |h Library of Congress classification  |i unmediated -- volume  |k 49th ed.:v.1  |l 2025  |m A14852219931  |p normal  |s Evans stk  |t 0 
952 f f |a Texas A&M University  |b Rellis Campus  |c Joint Library Facility  |d Remote Storage  |e Z7551 .S84  |h Library of Congress classification  |i unmediated -- volume  |k 34th ed.:v.1  |l 2010  |m A14839129024  |p ric  |s JLF  |t 0 
952 f f |a Texas A&M University  |b Rellis Campus  |c Joint Library Facility  |d Remote Storage  |e Z7551 .S84  |h Library of Congress classification  |i unmediated -- volume  |k 19th ed.:v.1:A-I  |l 1996  |m A14819023842  |p ric  |s JLF  |t 0 
952 f f |a Texas A&M University  |b College Station  |c Sterling C. Evans Library  |d Evans: Library Stacks  |e Z7551 .S84  |h Library of Congress classification  |i unmediated -- volume  |k 50th ed.:v.3  |l 2026  |m A14852400614  |p normal  |s Evans stk  |t 0 
952 f f |a Texas A&M University  |b Rellis Campus  |c Joint Library Facility  |d Remote Storage  |e Z7551 .S84  |h Library of Congress classification  |i unmediated -- volume  |k 4th ed.  |l 1974  |m A14816161803  |p ric  |s JLF  |t 0 
952 f f |a Texas A&M University  |b Rellis Campus  |c Joint Library Facility  |d Remote Storage  |e Z7551 .S84  |h Library of Congress classification  |i unmediated -- volume  |k 48th ed.:v.4  |l 2024  |m A14852068072  |p ric  |s JLF  |t 0 
952 f f |a Texas A&M University  |b College Station  |c Sterling C. Evans Library  |d Evans: Library Stacks  |e Z7551 .S84  |h Library of Congress classification  |i unmediated -- volume  |k 50th ed.:v.4  |l 2026  |m A14852400622  |p normal  |s Evans stk  |t 0 
952 f f |a Texas A&M University  |b Rellis Campus  |c Joint Library Facility  |d Remote Storage  |e Z7551 .S84  |h Library of Congress classification  |i unmediated -- volume  |k 38th ed.:v.2  |l 2014  |m A14842273931  |p ric  |s JLF  |t 0 
952 f f |a Texas A&M University  |b Rellis Campus  |c Joint Library Facility  |d Remote Storage  |e Z7551 .S84  |h Library of Congress classification  |i unmediated -- volume  |k 17th ed.:v.2:J-Z  |l 1994  |m A14816577038  |p ric  |s JLF  |t 0 
952 f f |a Texas A&M University  |b Rellis Campus  |c Joint Library Facility  |d Remote Storage  |e Z7551 .S84  |h Library of Congress classification  |i unmediated -- volume  |k 38th ed.:v.1  |l 2014  |m A14842273816  |p ric  |s JLF  |t 0 
952 f f |a Texas A&M University  |b Rellis Campus  |c Joint Library Facility  |d Remote Storage  |e Z7551 .S84  |h Library of Congress classification  |i unmediated -- volume  |k 14th ed.:v.1  |l 1991  |m A14812283302  |p ric  |s JLF  |t 0 
952 f f |a Texas A&M University  |b Rellis Campus  |c Joint Library Facility  |d Remote Storage  |e Z7551 .S84  |h Library of Congress classification  |i unmediated -- volume  |k 38th ed.:v.4  |l 2014  |m A14842274178  |p ric  |s JLF  |t 0 
952 f f |a Texas A&M University  |b Rellis Campus  |c Joint Library Facility  |d Remote Storage  |e Z7551 .S84  |h Library of Congress classification  |i unmediated -- volume  |k 31st ed.:v.2  |l 2008  |m A14834022324  |p ric  |s JLF  |t 0 
952 f f |a Texas A&M University  |b Rellis Campus  |c Joint Library Facility  |d Remote Storage  |e Z7551 .S84  |h Library of Congress classification  |i unmediated -- volume  |k 1st ed.  |l 1962  |m A14816161756  |p ric  |s JLF  |t 0 
952 f f |a Texas A&M University  |b Rellis Campus  |c Joint Library Facility  |d Remote Storage  |e Z7551 .S84  |h Library of Congress classification  |i unmediated -- volume  |k 8th:v.1  |l 1983  |m A14808859777  |p ric  |s JLF  |t 0 
952 f f |a Texas A&M University  |b Rellis Campus  |c Joint Library Facility  |d Remote Storage  |e Z7551 .S84  |h Library of Congress classification  |i unmediated -- volume  |k 48th ed.:v.2  |l 2024  |m A14852068056  |p ric  |s JLF  |t 0 
952 f f |a Texas A&M University  |b Rellis Campus  |c Joint Library Facility  |d Remote Storage  |e Z7551 .S84  |h Library of Congress classification  |i unmediated -- volume  |k 23rd ed.:v.1  |l 2000  |m A14827648402  |p ric  |s JLF  |t 0 
952 f f |a Texas A&M University  |b Rellis Campus  |c Joint Library Facility  |d Remote Storage  |e Z7551 .S84  |h Library of Congress classification  |i unmediated -- volume  |k 29th ed.:v.1  |l 2006  |m A14831450706  |p ric  |s JLF  |t 0 
952 f f |a Texas A&M University  |b Rellis Campus  |c Joint Library Facility  |d Remote Storage  |e Z7551 .S84  |h Library of Congress classification  |i unmediated -- volume  |k 16th ed.:v.1:A-I  |l 1993  |m A14816183766  |p ric  |s JLF  |t 0 
952 f f |a Texas A&M University  |b Rellis Campus  |c Joint Library Facility  |d Remote Storage  |e Z7551 .S84  |h Library of Congress classification  |i unmediated -- volume  |k 11th ed.:v.2  |l 1988  |m A14810133739  |p ric  |s JLF  |t 0 
952 f f |a Texas A&M University  |b Rellis Campus  |c Joint Library Facility  |d Remote Storage  |e Z7551 .S84  |h Library of Congress classification  |i unmediated -- volume  |k 43rd ed.:v.3  |l 2019  |m A14850889487  |p ric  |s JLF  |t 0 
952 f f |a Texas A&M University  |b Rellis Campus  |c Joint Library Facility  |d Remote Storage  |e Z7551 .S84  |h Library of Congress classification  |i unmediated -- volume  |k 34th ed.:v.4  |l 2010  |m A14839129058  |p ric  |s JLF  |t 0 
952 f f |a Texas A&M University  |b Rellis Campus  |c Joint Library Facility  |d Remote Storage  |e Z7551 .S84  |h Library of Congress classification  |i unmediated -- volume  |k 33rd ed.:v.4  |l 2009  |m A14837483074  |p ric  |s JLF  |t 0 
952 f f |a Texas A&M University  |b Rellis Campus  |c Joint Library Facility  |d Remote Storage  |e Z7551 .S84  |h Library of Congress classification  |i unmediated -- volume  |k 6th ed.  |l 1980  |m A14816161837  |p ric  |s JLF  |t 0 
998 f f |a Z7551 .S84  |s 1st-48th (1962-2024)  |t 0  |l Remote Storage 
998 f f |a Z7551 .S84  |s 49th ed. (2025)-50th ed. (2026)  |t 0  |l Evans: Library Stacks 
998 f f |a Z7551 .S84  |s 35th ed. (2011)  |t 0  |l West Campus Library: Reference (Does not check out)